000 00861nam a2200253Ia 4500
003 OSt
005 20220918170951.0
006 a|||||r|||| 00| 0
007 ta
008 220917b |||||||| |||| 00| 0 eng d
020 _a9781107131019 (hbk)
_cUKP 84.99
024 _a348,395
037 _b1090704, 08/02/2019, Atlantic Publisher & Dist.Pvt.Ltd.
_cTextual
040 _aARTS
_cARTS
_beng
041 _2eng
_aeng
082 _aO111973,3(Y:45):g, Q7
100 _aRazkowski Chris Ed.
_932719
245 0 _aHistory of American crime fiction
260 _aCambridge
_bCambridge University Press UK
_c2017
300 _ax,363p.
_ccm.
650 _aCRIMES; ENGLISH FICTION
_932720
942 _hO111973,3(Y:45):g, Q7
_cTEXL
_2CC
999 _c136993
_d136993